WWE Superstars with Wrestlemania Wins - Statistics

General Stats
  • This quiz has been taken 1,085 times
    1,078 since last reset
  • The average score is 49 of 191
Answer Stats
Wins Answer % Correct
22 The Undertaker
97%
9 John Cena
92%
9 Triple H
92%
5 Randy Orton
85%
8 Hulk Hogan
84%
6 Shawn Michaels
83%
5 Edge
81%
7 Kane
81%
2 Roman Reigns
79%
5 Stone Cold Steve Austin
79%
2 Brock Lesnar
77%
3 Seth Rollins
75%
5 The Rock
75%
5 Big Show
73%
8 Bret "The Hitman" Hart
72%
1 Ric Flair
72%
3 Batista
70%
4 Chris Jericho
68%
3 CM Punk
66%
2 Dean Ambrose
65%
3 Christian
64%
4 The Miz
64%
3 Kurt Angle
63%
7 "Macho Man" Randy Savage
62%
2 Matt Hardy
62%
4 Rey Mysterio
61%
3 Daniel Bryan
60%
5 Owen Hart
60%
3 Chris Benoit
57%
2 Andre the Giant
56%
3 The Ultimate Warrior
56%
2 Sheamus
52%
1 Eddie Guerrero
51%
2 Shane McMahon
51%
1 Diesel
50%
2 Mick Foley
49%
1 Cody Rhodes
48%
1 Kofi Kingston
48%
3 John Bradshaw Layfield
47%
1 Mark Henry
45%
3 Yokozuna
45%
3 Razor Ramon
42%
2 Rowdy Roddy Piper
42%
1 Chavo Guerrero
41%
2 Trish Stratus
41%
1 Dusty Rhodes
40%
1 Goldberg
40%
1 Dolph Ziggler
39%
2 AJ Lee
38%
2 Booker T
38%
4 Ted DiBiase
37%
1 Vickie Guerrero
37%
1 Alberto Del Rio
36%
1 Bobby Lashley
35%
1 Mo
35%
2 Cesaro
33%
1 Mr. T
33%
1 Road Dogg
33%
4 Rob Van Dam
32%
2 Jack Swagger
31%
3 Ricky Steamboat
31%
2 Chyna
29%
3 Rikishi
29%
3 Jake "The Snake" Roberts
27%
5 Big Boss Man
26%
1 Drew McIntyre
24%
1 John Morrison
24%
1 King Kong Bundy
24%
1 Albert
23%
2 Lex Luger
23%
1 Mickie James
23%
1 Mr. Perfect
23%
1 Sgt. Slaughter
23%
1 The Great Khali
23%
3 Animal
22%
4 Davey Boy Smith
22%
1 Hillbilly Jim
22%
1 Shelton Benjamin
22%
1 Billy Gunn
21%
3 Hawk
21%
2 Rick Rude
21%
1 Test
21%
3 Ax
20%
2 "Hacksaw" Jim Duggan
20%
1 Mr. Kennedy
19%
1 Santino Marella
19%
1 Bam Bam Bigelow
18%
2 Hardcore Holly
18%
3 Jim "The Anvil" Neidhart
18%
1 Mabel
18%
1 Paige
17%
3 Smash
17%
1 Tito Santana
17%
3 The Iron Sheik
16%
1 Beth Phoenix
15%
3 Brutus "The Barber" Beefcake
15%
1 Carlito
15%
1 Lawrence Taylor
15%
1 Michael Cole
15%
1 Michelle McCool
15%
4 Earthquake
14%
1 Jeff Jarrett
14%
1 Diamond Dallas Page
13%
1 Faarooq
13%
1 Paul Orndorff
13%
1 Scott Steiner
13%
1 The Honky Tonk Man
13%
1 Vader
13%
1 Fandango
12%
1 Rick Steiner
12%
1 The Red Rooster
12%
1 Tommy Dreamer
12%
2 Greg "The Hammer" Valentine
11%
1 Kelly Kelly
11%
1 Ahmed Johnson
10%
1 Bad News Brown
10%
1 Layla
10%
1 Marty Jannetty
10%
2 Rick Martel
10%
3 Sable
10%
1 Sabu
10%
1 Charlie Haas
9%
1 Doink the Clown
9%
1 Haku
9%
1 Irwin R. Schyster
9%
1 Junkyard Dog
9%
2 Melina
9%
2 One Man Gang
9%
2 Tatanka
9%
2 Terry Funk
9%
1 Torrie Wilson
9%
1 Victoria
9%
1 David Sammartino
8%
1 Jazz
8%
2 Scotty 2 Hotty
8%
1 Tazz
8%
1 The Boogeyman
8%
1 The Fabulous Moolah
8%
1 The Sandman
8%
1 Typhoon
8%
1 Arn Anderson
7%
1 Bushwhacker Luke
7%
1 Don Muraco
7%
1 Floyd Mayweather, Jr.
7%
1 Harley Race
7%
1 Hoss Funk
7%
2 Nikolai Volkoff
7%
1 The Dynamite Kid
7%
2 Virgil
7%
1 Bushwhacker Butch
6%
1 Dino Bravo
6%
1 Hercules
6%
1 Primo
6%
1 Snooki
6%
1 Brian Knobbs
5%
1 Jerry Sags
5%
1 Kerry Von Erich
5%
1 Marc Mero
5%
1 Maria Menounos
5%
1 The Barbarian
5%
1 The Mountie
5%
1 Wendi Richter
5%
1 Adrian Adonis
4%
1 Alundra Blayze
4%
1 Butch Reed
4%
1 Butterbean
4%
1 Chuck Palumbo
4%
1 Grand Master Sexay
4%
1 Maryse
4%
1 Mosh
4%
1 Thrasher
4%
1 Tully Blanchard
4%
1 Dangerous Danny Davis
3%
1 David Otunga
3%
1 Billy Jack Haynes
2%
1 Bull Buchanan
2%
1 Haiti Kid
2%
1 Little Beaver
2%
1 Luna Vachon
2%
1 Sapphire
2%
1 Taka Michinoku
2%
1 Tama
2%
1 Tom Zenk
2%
1 Akebono
1%
1 Alicia Fox
1%
1 Corporal Kirchner
1%
1 Genichiro Tenryu
1%
1 Kōji Kitao
1%
1 Pat Tanaka
1%
1 Sato
1%
1 Terri Runnels
1%
No matching quizzes found
Score Distribution
Percent of People with Each Score
Percentile by Number Answered
Your Score History
You have not taken this quiz since the last reset